| 000 | 00940nam a2200289 a 4500 | ||
|---|---|---|---|
| 003 | AR-BaBNM | ||
| 005 | 20251128210629.0 | ||
| 008 | 082120s2002 ||||||||||||||000 | spa|| | ||
| 040 | _cAR-BaBNM | ||
| 100 | 1 | _aMarro, Mabel Susana | |
| 245 | 0 | 0 | _aEnseñanza de la lengua para la Educación General Básica |
| 260 |
_aBuenos Aires _bVocación Docente _c[ca. 1995] |
||
| 300 |
_ap. irreg. _btablas, gráfs. |
||
| 490 | 0 | _aPerfeccionamiento docente a distancia | |
| 500 | _aAuspiciado por el Ministerio de Cultura y Educación de la Nación | ||
| 500 | _aEsta obra está compuesta por ocho cuadernillos | ||
| 650 | 4 | _aPERFECCIONAMIENTO DEL DOCENTE | |
| 650 | 4 | _aCOMUNICACION | |
| 650 | 4 | _aCURSOS DE PERFECCIONAMIENTO | |
| 650 | 4 | _aAUTOEVALUACION | |
| 653 | _aEDUCACION GENERAL BASICA | ||
| 653 | _aGRAMATICA TEXTUAL | ||
| 653 | _aEDUCACION A DISTANCIA | ||
| 700 | 1 | _aGrosso, María Ester | |
| 942 | _cBK | ||
| 998 | _cRAQUEL | ||
| 999 |
_c16254 _d16254 |
||